Ekstaklasa 25/26 - Nagła śmierć - Statystyki

Ogólne statystyki
  • Ten quiz został rozwiązany 1 005 razy
  • Średni wynik to 14 z 18
Answers on the Grid
Answers color-coded by a green-red scale on the quiz's grid according to % correct below.
Wisła Kraków
Śląsk Wrocław
Podbeskidzie Bielsko-Biała
Górnik Zabrze
Pogoń Szczecin
Miedź Legnica
Wisła Płock
Motor Lublin
Widzew Łódź
Ruch Chorzów
ROW Rybnik
Lechia Gdansk
Stal Mielec
Zawisza Bydgoszcz
KSZO Ostrowiec Świętokrzyski
Radomiak Radom
Puszcza Niepołomice
Bałtyk Gdynia
Jagiellonia Białystok
GKS Katowice
Raków Częstochowa
Zagłębie Lubin
Bruk-Bet Termalica Nieciecza
Warta Poznań
GKS Tychy
Cracovia Kraków
Piast Gliwice
Polonia Warszawa
Arka Gdynia
Lech Poznań
Pogoń Siedlce
Zagłębie Sosnowiec
Korona Kielce
Legia Warszawa
Sandecja Nowy Sącz
ŁKS Łódź
 
Statystyki odpowiedzi
Odpowiedź % Poprawnych
Pogoń Szczecin
90%
Górnik Zabrze
88%
Motor Lublin
83%
Widzew Łódź
83%
Lechia Gdansk
78%
Lech Poznań
76%
Legia Warszawa
75%
Raków Częstochowa
75%
Wisła Płock
75%
Jagiellonia Białystok
74%
Radomiak Radom
72%
Zagłębie Lubin
72%
Cracovia Kraków
71%
Piast Gliwice
70%
GKS Katowice
69%
Arka Gdynia
68%
Korona Kielce
68%
Bruk-Bet Termalica Nieciecza
66%
Nie znaleziono quizów pasujących do podanych kryteriów
Rozkład punktacji
Procent ludzi z każdym wynikiem
Percentyl według liczby udzielonych odpowiedzi
Twoja historia wyników
Nie rozwiązałeś tego quizu